00623nam a2200205Ia 4500008004100000020001700041040001400058082002300072100002000095245003000115260003100145300001300176365002800189366000800217505002000225620008100245630003000326650003100356730003000387100315s9999 xx 000 0 und d a8174939911  cENGLISH  b3832 a658.4013  a"Bagade, S.D. " aTotal Quality Manmagement aMumbai bJaico  c2000  a446p.   eRupees d1 b575.00  f0  gTushar Jadhav  a"Quality:A New Perspective,Management by ideas, Business Policy, Learning " aTotal Quality Manmagement aTotal Quality Management  aTotal Quality Manmagement